000 00357cam a2200145ua 4500
041 _aeng
_h
082 _a821
_bLAN/LA
100 _aLandor, .
245 _aLandor: Poetry and Prose /
_cLandor.
_hTextual Documents
260 _aLondon :
_bOxford at the Clarendon Press ,
_c1955.
300 _a182 ; .
504 _a
942 _cBK
999 _c5855
_d5855